Corridor Of Books: (Record no. 167360)

MARC details
000 -LEADER
fixed length control field 00649nam a22001817a 4500
005 - DATE AND TIME OF LATEST TRANSACTION
control field 20220215123807.0
010 ## - LCCN (DPL NO)
LC control number ENG-126361
020 ## - INTERNATIONAL STANDARD BOOK NUMBER
Terms of availability 699.00
International Standard Book Number 978-93-8676-196-5
035 ## - SYSTEM CONTROL NUMBER
System control number EN-109893
037 ## - SOURCE OF ACQUISITION
Source of stock number/acquisition DBAD/PUB
082 ## - DEWEY DECIMAL CLASSIFICATION NUMBER
Classification number 020.92
100 ## - MAIN ENTRY--PERSONAL NAME
Personal name Goswami,P R
245 ## - TITLE STATEMENT
Title Corridor Of Books:
Remainder of title memorise, ideas and reflections of A library worker/
Statement of responsibility, etc by P R Goswami
260 ## - PUBLICATION, DISTRIBUTION, ETC. (IMPRINT)
Name of publisher, distributor, etc Published By Ane Books
Date of publication, distribution, etc 2019
Place of publication, distribution, etc Delhi
270 ## - ADDRESS
Address 4821,Parwana Bhawan, 1st Floor,24 Ansari Road,Darya Ganj,
City Delhi
Postal code 110002
Telephone number 011-23276843-44
Electronic mail address kapoor@anebooks.com
Fax number 011-23276863
300 ## - PHYSICAL DESCRIPTION
Extent xii272p.
Dimensions 25cm(hb)
942 ## - ADDED ENTRY ELEMENTS (KOHA)
Source of classification or shelving scheme Dewey Decimal Classification
Item type English Books
Classification part 020.92
Call number suffix GOS
Holdings
Withdrawn status Lost status Not for loan Collection code Home library Current library Date acquired Source of acquisition Cost, normal purchase price Full call number Barcode Copy number Cost, replacement price Koha item type
      Non-fiction Ashok Vihar Ashok Vihar 29/08/2019 DBAD/PUB 699.00 020.92 GOS EN-109893 1 699.00 English Books

© Delhi Public Library
Hit Counter
free hit counter